[Event "Stuttgart-chA int"]
[Site "Ditzingen"]
[Date "2013.05.10"]
[Round "4"]
[White "Hoeschele, Hans Ulrich"]
[Black "Suess, Stefan1111"]
[Result "1/2-1/2"]
[WhiteElo "2115"]
[BlackElo "1826"]
[PlyCount "81"]
[EventDate "2013.05.09"]
[EventType "swiss"]
[EventRounds "7"]
[EventCountry "GER"]
[SourceTitle "EXT 2014"]
[Source "ChessBase"]
[SourceDate "2013.11.20"]
[SourceVersion "1"]
[SourceVersionDate "2013.11.20"]
[SourceQuality "1"]

1. d4 Nf6 2. Nf3 d6 3. g3 g6 4. Bg2 Bg7 5. 0-0 0-0 6. Nbd2 Nbd7 7. c3 e5 8. dxe5 dxe5 9. Qc2 Re8 10. e4 Nc5 11. b3 Qd3 12. Qxd3 Nxd3 13. Ba3 b6 14. h3 Ba6 15. Rfd1 Bf8 16. Bxf8 Kxf8 17. Bf1 Nc5 18. Bxa6 Nxa6 19. Re1 Nc5 20. b4 Ncd7 21. a4 a6 22. Nc4 h6 23. a5 b5 24. Ne3 c6 25. Rad1 Re6 26. Ng4 Kg7 27. Rd3 Nxg4 28. hxg4 Ra7 29. g5 h5 30. Red1 Re7 31. Rd6 Rc7 32. Kg2 Kf8 33. R1d3 Ke8 34. Nd2 Re6 35. c4 Rxd6 36. Rxd6 Ke7 37. c5 Rc8 38. f4 exf4 39. gxf4 Rc7 40. Nf3 Rc8 41. Kg3 1/2-1/2